000
00266 a2200145 4500
001
59032
020
_a
040
_c
Anchieta - Pituba
100
_a
Baptista, João
240
1
0
_a
Bahia
_l
por
245
1
0
_a
Bahia
300
_a
45
650
4
_a
Bahia
942
_c
BK
999
_c
59032
_d
59032